000 01164cam a2200301 a 4500
001 2451
005 20231208135123.0
020 _a0316176923
040 _aDLC
_cDLC
_dDLC
_beng
050 0 0 _aPZ7.G7666435
_bBat 1997
082 0 0 _a813.54
_221
100 1 _aGrant, Alan
_d1949-
245 1 0 _aBatman & Robin /
_cnovelization by Alan Grant
246 3 _aBatman and Robin
250 _aFirst Edition
260 _aBoston :
_bLittle, Brown & Company,
_c1997
300 _a152 pages :
_bcolor illustrations
_c19 cm
500 _a"Based on the screenplay written by Akiva Goldsman. Batman created by Bob Kane."
500 _aOn t.p. the registered trademark symbol "TM" is superscript following "Batman" and "Robin" in the title.
505 _aR
520 _aA new crimefighter, Batgirl, helps Batman and Robin try to stop villains Mr. Freeze and Poison Ivy, whose nefarious plans threaten to shred the fabric of life in Gotham City.
521 _a700
_bLexile estimate
521 _aR
_bRaz-Plus
650 1 _aHeroes
_xFiction.
650 1 _aAdventure and adventurers
_xFiction.
906 _a7
_bcbc
_corignew
_d1
_eocip
_f19
_gy-gencatlg
942 _2ddc
_cBK
_n0
999 _c2451
_d2451